Maddy #2 Quiz Stats

 Plays Quiz not verified by Sporcle

Challenge
Share
Tweet
Embed
Score 0/10 Timer 10:00
0 Plays Today
Question Answer Wrong Answers
Which music genre do I dislike the most? Country
42.9%
Classical
14.3%
Rap
28.6%
Jazz
0%
In which state do I NOT have family? Maine
42.9%
New Jersey
14.3%
Massachusetts
0%
Florida
28.6%
Where does my dad work? Delta Airlines
28.6%
FlightSafety
14.3%
American Airlines
14.3%
United Airlines
42.9%
What is my favorite accessory - besides socks? Hat
28.6%
Sunglasses
14.3%
Necklace
14.3%
Bandana
42.9%
Which of these places have I not been to? Texas
28.6%
Colorado
0%
Germany
28.6%
England
0%
Where have I not worked? Advanced Autoparts
14.3%
YMCA
0%
Picnic Cafe
14.3%
FireHouse Subs
57.1%
Which of these can I not do? Jump rope
14.3%
Bike
14.3%
Rollerblade
0%
Pogo Stick
57.1%
Favorite shoe? Sneakers
0%
Sandals
42.9%
Crocs
14.3%
Flip-flops
0%
Favorite beverage? (besides water and coffee) Juice
0%
Tea
28.6%
Lemonade
42.9%
Milk
14.3%
Favorite season? Winter
0%
Spring
0%
Summer
42.9%
Fall
42.9%

You're not logged in!

Compare scores with friends on all Sporcle quizzes.
Join for Free
OR
Log In

You Might Also Like...

Show Comments

Extras

Created May 15, 2017ReportNominate

Top Quizzes Today


Score Distribution

Your Account Isn't Verified!

In order to create a playlist on Sporcle, you need to verify the email address you used during registration. Go to your Sporcle Settings to finish the process.

Report this User

Report this user for behavior that violates our Community Guidelines.

Details: